| 000 | 00737nam a22002177a 4500 | ||
|---|---|---|---|
| 999 |
_c4363 _d4363 |
||
| 003 | AR-CdUCM | ||
| 008 | 190308b ||||| |||| 00| 0 spa d | ||
| 040 |
_aMUNICIPALIDAD PROVINCIAL DEL CUSCO _cBIBLIOTECA MUNICIPAL DEL CUSCO |
||
| 082 |
_a869.56 / _bB39 |
||
| 100 |
_aDe Berenguel, Francisca _913777 |
||
| 245 |
_aFuego y ceniza : _bPoemas / |
||
| 260 |
_aLima : _bMinerva, _c1989. |
||
| 300 |
_a80 paginas ; _c20 cm. |
||
| 505 | _aContenido : Esencia parda -- El barro y la memoria -- La soledad -- La búsqueda -- Mariposas amarillas ... | ||
| 650 |
_aPoesía peruana _9806 |
||
| 650 |
_aPoesía latinoamericana _92147 |
||
| 650 |
_aLiteratura universal _9611 |
||
| 700 |
_aConcytec _910823 |
||
| 942 |
_2ddc _cLIBROS |
||
| 945 | _arah | ||